000 00694nam a2200241Ia 4500
005 20260429111933.0
008 260429s9999||||xx |||||||||||||| ||und||
020 _a9781071631270
041 _aEnglish
082 _a572.7
_bKEN
100 _aKennett, Roger H.
245 0 _aMonoclonal antibodies :
_bhybridomas - a new dimension in biological analyses /
_cRoger H. Kennett
250 _a1st ed.
260 _aNew York :
_bPlenum,
_c2023.
300 _axxii, 423 p.; hb
650 _a Biotechnology
650 _a Immunology
650 _a Laboratory methods
650 _aMonoclonal antibodies
700 _a Bechtol, Kathleen B.
700 _a McKearn, Thomas J.
942 _cTB
999 _c51515
_d51515